Complétez les paroles : Quand la musique est bonne. - Statistiques

Statistiques générales
  • Ce quiz a été pris 71 fois
  • Le résultat moyen est 6 sur 8
Statistiques - réponses
Paroles précédentes Paroles manquantes % Correct
Des champs de coton dans ma mémoireTrois notes de blues c’est un peu d’amour noir Quand je suis trop court quand je suis trop tard C’est un recours... Pour une autre histoire
98%
Quand la musique est bonneQuand la musique donne Quand la musique sonne sonne sonne Quand Elle guide mes pas
84%
Quand la musique est bonneQuand la musique donne Quand la musique sonne sonne sonne Quand... Elle guide mes pas
84%
Quand la musique est bonneQuand la musique donne Quand la musique sonne sonne sonne Quand... Elle ne triche pas
77%
Quand la musique est bonne
Quand la musique donne
Quand la musique sonne sonne sonne Quand...
Elle ne triche pas
77%
J’ai trop saigné sur les GibsonJ’ai trop rôdé dans les Tobacco Road Y’a plus que les caisses qui me raisonnent Et quand je me casse je... Voyage toujours en fraude
77%
J’ai plus d’amour j’ai pas le tempsJ’ai plus d’humour je ne sais plus d’où vient le vent J’ai plus qu’un clou une étincelle Des trucs en plomb qui me... Brisent les ailes
75%
Un peu de swing un peu du KingPas mal de feeling et de décibels C’est pas l’usine c’est pas la mine Mais ça suffit pour... Se faire la belle
66%
Aucun quiz correspondant
Distribution des résultats
% des personnes avec chaque résultat
Percentile par nombre de réponses
Votre historique - résultats
Vous n’avez pas pris ce quiz